000 00588nam a2200181 i 4500
001 79769
003 ES-MaACL
007 t|
008 041025s1983 sp ||||1| spa d
100 1 _aHerrero, Pedro Mario.
_963280
245 1 0 _aNo le busques tres piernas al Alcalde
_b: estrenada el 6 de Agosto de 1975, en el Teatro Avenida de Burgos /
_cPedro Mario Herrero.
260 _a[Madrid :
_bPreyson,
_c1983]
300 _a107 p. ;
_c16 cm.
490 1 _aArte escénico ;
_v12
830 0 _aArte escénico ;
_v12
_9180796
852 _aES-MaACL
_jL-5415
_bR.105899
999 _c79769
_d79769